|
|
|
|
| LEADER |
01506nam a2200409 a 4500 |
| 001 |
nkc20071710485 |
| 003 |
CZ PrNK |
| 005 |
20240517074353.0 |
| 007 |
ta |
| 008 |
070227s2006 xr g 000 j cze |
| 015 |
|
|
|a cnb001710485
|
| 020 |
|
|
|a 80-239-9688-6
|q (v knize neuvedeno ;
|q brož.)
|
| 035 |
|
|
|a (OCoLC)137330340
|
| 040 |
|
|
|a BOA001
|b cze
|d ABA001
|
| 041 |
1 |
|
|a cze
|h rus
|
| 072 |
|
7 |
|a 821.161.1
|x Ruská literatura, rusky psaná
|2 Konspekt
|9 25
|
| 080 |
|
|
|a 821.161.1-32
|2 MRF
|
| 080 |
|
|
|a (0:82-32)
|2 MRF
|
| 100 |
1 |
|
|a Dakov, Sergej K.,
|d 1951-1973
|7 mzk2007385816
|4 aut
|
| 245 |
1 |
0 |
|a Odpusť, Natašo! /
|c Sergej K. Dakov
|
| 250 |
|
|
|a Ve FATYMu vyd. 1.
|
| 260 |
|
|
|a Vranov n.D. [i.e. nad Dyjí] ;
|a Přímětice-Bítov :
|b Pro FATYM vytiskl A.M.I.M.S.,
|c 2006
|
| 300 |
|
|
|a 96 s. ;
|c 21 cm
|
| 500 |
|
|
|a Přeloženo z ruštiny?
|
| 500 |
|
|
|a Připravené dle vyd. vydav. Signum Unitatis z r. 1991
|
| 521 |
8 |
|
|a Určeno pro církevní potřebu
|
| 655 |
|
7 |
|a ruské příběhy
|7 fd131889
|2 czenas
|
| 655 |
|
9 |
|a Russian stories
|2 eczenas
|
| 710 |
2 |
|
|a FATYM (společenství)
|7 kn20060608002
|
| 910 |
2 |
|
|a BOA001
|b 2-1183.300
|
| 928 |
9 |
|
|a A.M.I.M.S.
|
| 928 |
9 |
|
|a Apostolatus Mariae Immaculatae Matris Spei (Apoštolát P. Marie Neposkvrněné - Matky Naděje)
|
| 928 |
9 |
|
|a Apoštolát P. Marie Neposkvrněné - Matky Naděje
|
| 990 |
|
|
|a BK
|
| 995 |
|
|
|a 01
|
| 991 |
|
|
|b 200703
|
| 996 |
6 |
|
|b 2610304827
|c 2-1183.300
|l MZK
|r Sklad / do 1 hodiny
|n 0
|p p.v.
|w 000842848
|u 000010
|a 1
|e BOA001
|j MZK50
|s P
|